000 01471cam a2200193 4500
001 6085
005 20181127180840.0
008 070828s2008 nyu 000 1 eng
010 _a 2007035721
020 _a9780340935842
100 1 _aPicoult, Jodi,
_d1966-
245 1 0 _aChange of heart /
_b
_cJodi Picoult.
260 _aLondon :
_bHodder,
_c2008.
300 _aviii, 461 p. ;
_c25 cm.
520 _aOne moment June Nealon was happily looking forward to years full of laughter and adventure with her family, and the next, she was staring into a future that was as empty as her heart. Now her life is a waiting game. Waiting for time to heal her wounds, waiting for justice. In short, waiting for a miracle to happen. For Shay Bourne, life holds no more surprises. The world has given him nothing, and he has nothing to offer the world. In a heartbeat, though, something happens that changes everything for him. Now, he has one last chance for salvation, and it lies with June's eleven-year-old daughter, Claire. But between Shay and Claire stretches an ocean of bitter regrets, past crimes, and the rage of a mother who has lost her child. Would you give up your vengeance against someone you hate if it meant saving someone you love? Would you want your dreams to come true if it meant granting your enemy's dying wish?
650 0 _aMurderers
_vFiction.
650 0 _aRepentance
_vFiction.
650 0 _aTransplantation of organs, tissues, etc.
_vFiction.
999 _c5136
_d5136